Bolivia : Staff Report for the 2006 Article IV Consultation.

Despite good economic reforms, macroeconomic stability, and a major expansion of the hydrocarbon sector, Bolivia still achieved only modest gains in poverty reduction. Executive Directors stressed the importance of fiscal prudence, domestic taxation, and strengthening of public expenditure managemen...

Ful tanımlama

Detaylı Bibliyografya
Müşterek Yazar: International Monetary Fund
Materyal Türü: Dergi
Dil:English
Baskı/Yayın Bilgisi: Washington, D.C. : International Monetary Fund, 2006.
Seri Bilgileri:IMF Staff Country Reports; Country Report ; No. 2006/270
Online Erişim:Full text available on IMF
LEADER 01704cas a2200241 a 4500
001 AALejournalIMF004339
008 230101c9999 xx r poo 0 0eng d
020 |c 5.00 USD 
020 |z 9781451805802 
022 |a 1934-7685 
040 |a BD-DhAAL  |c BD-DhAAL 
110 2 |a International Monetary Fund. 
245 1 0 |a Bolivia :   |b Staff Report for the 2006 Article IV Consultation. 
264 1 |a Washington, D.C. :  |b International Monetary Fund,  |c 2006. 
300 |a 1 online resource (72 pages) 
490 1 |a IMF Staff Country Reports 
500 |a <strong>Off-Campus Access:</strong> No User ID or Password Required 
500 |a <strong>On-Campus Access:</strong> No User ID or Password Required 
506 |a Electronic access restricted to authorized BRAC University faculty, staff and students 
520 3 |a Despite good economic reforms, macroeconomic stability, and a major expansion of the hydrocarbon sector, Bolivia still achieved only modest gains in poverty reduction. Executive Directors stressed the importance of fiscal prudence, domestic taxation, and strengthening of public expenditure management to ensure fiscal sustainability. They commended the central bank for its monetary policy stance. They highlight the need to attain greater equity, transparency, and accountability underpinned by cautious macroeconomic policies. They underscored that Bolivia may face a competitive external environment for its nontraditional exports in the period ahead. 
538 |a Mode of access: Internet 
830 0 |a IMF Staff Country Reports; Country Report ;  |v No. 2006/270 
856 4 0 |z Full text available on IMF  |u http://elibrary.imf.org/view/journals/002/2006/270/002.2006.issue-270-en.xml  |z IMF e-Library